| 000 | 00496nam a2200181 a 4500 | ||
|---|---|---|---|
| 005 | 20140412111220.0 | ||
| 008 | 010522s19uu xx 00 eng d | ||
| 020 | _a067942071x | ||
| 050 |
_aTR(GS 507 _bC66 1989 |
||
| 050 |
_aTR(PS E _bHo83 2009 |
||
| 100 | _aScott, Foresman | ||
| 245 |
_aDiscover science / _cMarion Dane Bauer. |
||
| 250 | _aTeacher's Annotated Ed. 1 | ||
| 260 |
_aNew York : _bScott Foresman & Company, _c1989. |
||
| 650 | _aScience- | ||
| 999 |
_c101894 _d101894 |
||